000 01700nam a22002417a 4500
999 _c56926
_d56926
003 Ge_BSU
005 20221221151829.0
008 190625b2019 ge ||||| |||| 00| 0 geo d
041 _ageo
080 _a57 ბ-52
100 _aბერიძე, დალი.
_92888
245 _aაჭარისა და აჭარა - ლაზეთის ენდემური მცენარეული სახეობების ბიოეკოლოგიური და ფარმაკოგნოსტური კვლევა /
_cდალი ბერიძე ; სამეცნ.ხელმძღ : ალიოშა ბაკურიძე ; მარიამ მეტრეველი.
264 _aბათუმი :
_bბათუმის უნ-ტი;
_c2019.
300 _a180 გვ .:
_c30 სმ.
653 _aდისერტაცია
653 _aბიოლოგია
653 _aმცენარეთა ბიომრავალფეროვნება
700 _aბაკურიძე, ალიოშა
_eსამეცნიერო ხელმძღვანელი
_92889
700 _aმეტრეველი, მარიამ
_eსამეცნიერო ხელმძღვანელი
_92890
710 _aბათუმის შოთა რუსთაველის სახელმწიფო უნ-ტი
_92660
710 _aსაბუნებისმეტყველო მეცნიერებათა და ჯანდაცვის ფაკულტეტი ბიოლოგიის დეპარტამენტი
_92891
942 _2udc
_cDS